Remaking the Labour Party : (Record no. 16400)
[ view plain ]
| 000 -LEADER | |
|---|---|
| fixed length control field | 01112pam a2200265 a 4500 |
| 001 - CONTROL NUMBER | |
| control field | 2106934 |
| 005 - DATE AND TIME OF LATEST TRANSACTION | |
| control field | 20060807180808.0 |
| 008 - FIXED-LENGTH DATA ELEMENTS--GENERAL INFORMATION | |
| fixed length control field | 960617s1996 enk b 001 0 eng |
| 010 ## - LIBRARY OF CONGRESS CONTROL NUMBER | |
| LC control number | 96026319 |
| 020 ## - INTERNATIONAL STANDARD BOOK NUMBER | |
| International Standard Book Number | 0415125499 (hardcover) |
| 020 ## - INTERNATIONAL STANDARD BOOK NUMBER | |
| International Standard Book Number | 0415125502 (pbk.) |
| 040 ## - CATALOGING SOURCE | |
| Original cataloging agency | DLC |
| Transcribing agency | DLC |
| Modifying agency | DLC |
| 082 00 - DEWEY DECIMAL CLASSIFICATION NUMBER | |
| Classification number | 324.24107 |
| Edition number | 20 |
| Item number | JON |
| 100 1# - MAIN ENTRY--PERSONAL NAME | |
| Personal name | Jones, Tudor, |
| Dates associated with a name | 1946- |
| 9 (RLIN) | 28670 |
| 245 10 - TITLE STATEMENT | |
| Title | Remaking the Labour Party : |
| Remainder of title | from Gaitskell to Blair / |
| Statement of responsibility, etc | Tudor Jones. |
| 260 ## - PUBLICATION, DISTRIBUTION, ETC. (IMPRINT) | |
| Place of publication, distribution, etc | London ; |
| -- | New York : |
| Name of publisher, distributor, etc | Routledge, |
| Date of publication, distribution, etc | 1996. |
| 300 ## - PHYSICAL DESCRIPTION | |
| Extent | x, 198 p. ; |
| Dimensions | 23 cm. |
| 504 ## - BIBLIOGRAPHY, ETC. NOTE | |
| Bibliography, etc | Includes bibliographical references (p. [184]-191) and index. |
| 610 20 - SUBJECT ADDED ENTRY--CORPORATE NAME | |
| Corporate name or jurisdiction name as entry element | Labour Party (Great Britain) |
| General subdivision | History. |
| 9 (RLIN) | 28671 |
| 653 ## - INDEX TERM--UNCONTROLLED | |
| Resource For college | |
| Arrived date list | February2012 |
| 856 42 - ELECTRONIC LOCATION AND ACCESS | |
| Materials specified | Publisher description |
| Uniform Resource Identifier | <a href="http://www.loc.gov/catdir/enhancements/fy0649/96026319-d.html">http://www.loc.gov/catdir/enhancements/fy0649/96026319-d.html</a> |
| 942 ## - ADDED ENTRY ELEMENTS (KOHA) | |
| Source of classification or shelving scheme | Dewey Decimal Classification |
| Item type | Book - Borrowing |
| Withdrawn status | Item status | Source of classification or shelving scheme | Damaged status | Not for loan | Vendor | Home library | Current library | Shelving location | Date acquired | Source of acquisition | Cost, normal purchase price | Serial Enumeration / chronology | Total Checkouts | Full call number | Barcode | Date last seen | Koha item type |
|---|---|---|---|---|---|---|---|---|---|---|---|---|---|---|---|---|---|
| Dewey Decimal Classification | Central Library | Central Library | First floor | 06/02/2012 | 90.00 | 1817 | 324.24107 JON | 000025860 | 15/07/2025 | Book - Borrowing |